000 00969nam2a22002411 4500
001 rc\4318469
005 20250611154641.0
035 _a(NLR Aleph) 008264849
090 _a8419818
_c8419818
100 _a20130416d1964 |||y0rusy50 ca
101 0 _arus
102 _aRU
105 _ay b |||||
200 1 _aМеры предосторожности при работе с ядохимикатами
210 _aСтаврополь
_cКн. изд-во
_d1964
215 _a32 с.
461 0 _1001rc\4318457
_12001#$a"В помощь химическому всеобучу"$eБиблиотечка$e№ 1-18$v[12]
_98419750
_cСтаврополь
_d1964
_nКн. изд-во
_oБиблиотечка : № 1-18
_p18 бр. в обл.-папке
_t"В помощь химическому всеобучу"
_v[12]
700 1 _aСторчевой
_bА.Л.
801 0 _aRU
_bNLR
_gpsbo
801 1 _aRU
_bELAR
_2rusmarc
852 _aNLR
_j64-2/1320
942 _cBOOK
980 _aNB